Statistics for Biggest World Cities by Letter - C

Click here to take the quiz!

General Stats

  • This quiz has been taken 58,589 times
    (30,796 since last reset)
  • The average score is 8 of 20

Answer Stats

Country Population City % Correct
Egypt18.2 milCairo
99%
United States9.75 milChicago
89%
South Africa4.13 milCape Town
79%
Venezuela3.75 milCaracas
76%
Morocco4.33 milCasablanca
68%
Sri Lanka4.75 milColombo
58%
India10.7 milChennai
50%
United States2.75 milCincinnati
39%
United States3.05 milCleveland
37%
China9.30 milChengdu
34%
Colombia3.00 milCali
31%
Bangladesh4.73 milChittagong
24%
China7.80 milChongqing
24%
Philippines2.60 milCebu
19%
Brazil3.35 milCuritiba
19%
China4.55 milChangsha
10%
Brazil3.13 milCampinas
10%
China3.65 milChangchun
7%
India2.58 milCoimbatore
7%
China2.75 milChangzhou
6%

Score Distribution

Percentile by Number Answered

Percent of People with Each Score

Your Score History

You have not taken this quiz since the last reset